000 00693nam a2200277Ia 4500
005 20260324123822.0
008 008 260324s9999 xx 000 0 eng d
020 _a9780203807309
037 _aEBOOK
040 _aCRL
040 _beng
040 _cCRL
041 _2eng
041 _aeng
084 _qCRL
100 _aBrigitte Young; Isabella Bakker; Diane Elson
_91171768
245 0 _aQuestioning Financial Governance from a Feminist Perspective
260 _bTaylor and Francis
260 _c2011
365 _a
365 _b255
856 _uhttp://www.taylorfrancis.com/books/9780203807309
942 _cEBOOK
999 _c1765616
_d1765616